| 000 | 00354 a2200157 4500 | ||
|---|---|---|---|
| 001 | 75634 | ||
| 020 | _a8575050532 | ||
| 040 | _cAnchieta - Colégio São Paulo | ||
| 100 | _aAndrade, Eliza Teixeira de | ||
| 240 | 1 | 0 |
_aSinfonia da vida _lpor |
| 245 | 1 | 0 | _aSinfonia da vida |
| 300 | _a78 | ||
| 362 | 0 | _a2002 | |
| 650 | 4 | _aPoesia brasileira | |
| 942 | _cBK | ||
| 999 |
_c75634 _d75634 |
||